000 00317nam a22001337a 4500
008 170627b xxu||||| |||| 00| 0 eng d
020 _a9781111841539
041 _aeng
080 _26TH
_a5
100 _a21
101 _aGJL
245 _aITNTRODUCTION TO LOGIC AND CRITICAL THINKING
_cSALMON,M.H
942 _2udc
_cBK
999 _c19208
_d19208